000 00259nam a2200109Ia 4500
008 240625s9999 xx 000 0 und d
041 _aeng
082 _a657 BLO
100 _aBLOCHER EDWARD J
245 _aCOST MANAGEMENT A STRATEGIC EMPHASIS
260 _c2007
999 _c38098
_d38098